| 000 | 01477nam a2200445 a 4500 | ||
|---|---|---|---|
| 008 | 181120s2017 es a|||frp||| 001 | spa d | ||
| 020 | _a9788491131182 | ||
| 041 | _aspa | ||
| 092 |
_c611.018 _l28 _sGAR |
||
| 100 | 1 |
_aGartner, Leslie.P _956 |
|
| 245 |
_aTexto de Histología. _bAtlas a color / _cLeslie.P Gartner |
||
| 250 |
_a4a ed. _bTraducción Elsevier España |
||
| 260 |
_aBarcelona: _bElsevier; _c2017. |
||
| 300 | _a651 p. | ||
| 500 | _aGartner, L. P. (2017). Texto de histología. Atlas a color. (4a ed.). Barcelona : Elsevier. | ||
| 590 | _aCompra Noviembre 2018. Fac. de Medicina. | ||
| 653 | _aIntroducción a la histología y técnicas histológica básicas | ||
| 653 | _aCitoplasma | ||
| 653 | _aNúcleo | ||
| 653 | _aMatriz extracelular | ||
| 653 | _aEpitelio y glándulas | ||
| 653 | _aTejido conjuntivo | ||
| 653 | _aCartílago y hueso | ||
| 653 | _aMúsculo | ||
| 653 | _aTejido nervioso | ||
| 653 | _aSangre y hematopoyesis | ||
| 653 | _aSistema circulatorio | ||
| 653 | _aSistema linfoide( inmunitario) | ||
| 653 | _aSistema endocrino | ||
| 653 | _aIntegumento | ||
| 653 | _aAparato respiratorio | ||
| 653 | _aAparato digestivo: cavidad bucal | ||
| 653 | _aAparato digestivo: conducto alimentario | ||
| 653 | _aAparato digestivo: glándulas | ||
| 653 | _aAparato urinario. | ||
| 653 | _aAparato reproductor femenino | ||
| 653 | _aAparato reproductor masculino | ||
| 653 | _aSentidos especiales | ||
| 942 |
_2ddc _cBK |
||
| 999 |
_c2830 _d2830 |
||